Calidad y modalidades alternativas en educación inicial

Uloženo v:
Podrobná bibliografie
Hlavní autor: Peralta, Maria Victoria
Další autoři: Salazar, Roxana., comp
Médium: Kniha
Jazyk:španělština
Vydáno: La Paz. CERIS/MAYSAL. 2000.
Témata:
Tagy: Přidat tag
Žádné tagy, Buďte první, kdo vytvoří štítek k tomuto záznamu!

MARC

LEADER 00000nam a22000005a 4500
001 14837
003 CL-ChBUA
005 20120815103533.0
008 070301s2000 bo 000 0 spa
040 |a CL-ChBUA  |c CL-ChBUA 
082 0 0 |a 372.218 
090 |c 14837  |d 14837 
100 1 |a Peralta, Maria Victoria. 
245 1 0 |a Calidad y modalidades alternativas en educación inicial 
260 |b CERIS/MAYSAL.  |a La Paz.  |c 2000. 
300 |a 286 p.  |c 21 cm. 
504 |a Indice. 
650 4 |a EDUCACION PREESCOLAR. 
650 4 |a METODOS DE ENSEÑÁNZA. 
700 1 |a Salazar, Roxana., comp. 
942 |c LIB 
952 |0 0  |1 0  |2 ddc  |4 0  |6 372_218000000000000_C_153  |7 0  |9 20804  |a UNACH  |b UNACH  |c 300  |d 2007-03-05  |i 34.368.  |l 7  |m 2  |o 372.218 / C 153.  |p 21803  |r 2025-11-10 11:58:21  |s 2025-11-10  |u 20804  |w 2012-08-08  |y LIB 
999 |c 14837  |d 14837